000 00614nam a2200241Ia 4500
003 OSt
005 20220918182047.0
006 a|||||r|||| 00| 0
007 ta
008 220917b |||||||| |||| 00| 0 eng d
024 _a30,356
037 _cTextual
040 _aARTS
_cARTS
_beng
041 _2eng
_aeng
082 _aO111,3N031,4, M7
100 _aOrwell G
245 0 _aKeep the aspidistra flying
260 _aLondon
_bSecker
_c1987
300 _a287p.
_ccm.
650 _aENGLISH LITERATURE
942 _hO111,3N031,4, M7
_cTEXL
_2CC
999 _c167726
_d167726